书目信息 |
| 题名: |
非均匀气体的数学理论
|
|
| 作者: | 查普曼 , Chapman , Cowling , 考林 著 ;刘大有 , 王伯懿 译 | |
| 分册: | ||
| 出版信息: | 北京 科学出版社 1985 |
|
| 页数: | 567页 | |
| 开本: | 20cm | |
| 丛书名: | 力学名著译丛 | |
| 单 册: | ||
| 中图分类: | O552.3 | |
| 科图分类: | ||
| 主题词: | 非均匀气体-数学理论 , 数学理论-非均匀气体 | |
| 电子资源: | ||
| ISBN: | ||
| 000 | 01098nam2 2200349 45 | |
| 001 | 0185010971 | |
| 005 | 20061123141752.14 | |
| 010 | @b精装@dCNY6.00 | |
| 091 | @aCN@b13031.2960 | |
| 100 | @a19900829d1985 kemy0chiy0121 ea | |
| 101 | 1 | @achi@ceng |
| 102 | @aCN@b110000 | |
| 105 | @ay z 001yy | |
| 200 | 10 | @a非均匀气体的数学理论@Afei jun yun qi ti de shu xue li lun@f(英)查普曼(Chapman,S.), (英)考林(Cowling,T.)著@g刘大有, 王伯懿译 |
| 210 | @a北京@c科学出版社@d1985 | |
| 215 | @a567页@d20cm | |
| 225 | 2 | @a力学名著译丛 |
| 300 | @a书名原文: The mathematical theory of non-uniform gases | |
| 410 | 0 | @120010@a力学名著译丛 |
| 510 | 1 | @aThe mathematical theory of non-uniform gases@zeng |
| 606 | @a非均匀气体-数学理论 | |
| 606 | @a数学理论-非均匀气体 | |
| 690 | @aO552.3@v3 | |
| 701 | 1 | @a查普曼@Acha pu man@bS.@4著 |
| 701 | A1 | @aChapman@bS.@4著 |
| 701 | A1 | @aCowling@bT.@4著 |
| 701 | 1 | @a考林@Akao lin@bT.@4著 |
| 702 | 0 | @a刘大有@Aliu da you@4译 |
| 702 | 0 | @a王伯懿@Awang bo yi@4译 |
| 801 | 2 | @aCN@bNLC@c20061123 |
| 801 | 0 | @aCN@bTSSF |
| 905 | @a10447@dO552.3@e12 | |
| 非均匀气体的数学理论/(英)查普曼(Chapman,S.), (英)考林(Cowling,T.)著/刘大有, 王伯懿译.-北京:科学出版社,1985 |
| 567页;20cm.-(力学名著译丛) |
| 书名原文: The mathematical theory of non-uniform gases |
| ISBN (精装):CNY6.00 |
| ● |
| 相关链接 |
|
|
|
|
正题名:非均匀气体的数学理论
索取号:O552.3/12
 
预约/预借
| 序号 | 登录号 | 条形码 | 馆藏地/架位号 | 状态 | 备注 |
| 1 | 0164946 | 001453670 | 第二样本阅览室/ [索取号:O552.3/12] | 在馆 |